WW2 battles - Statistics

General Stats
  • This quiz has been taken 308 times
  • The average score is 7 of 68
Answers on the Grid
Answers color-coded by a green-red scale on the quiz's grid according to % correct below.
Narvik
Warsaw Uprising
tampere
Rzhev
Operation Juno
Tannenberg
Strasbourg
Prague Offensive
Teutoburg Forest
Hürtgen Forest
Operation Queen
Battle of the Bulge
The Hardest Day
Height 958
Berlin
Trafalgar
Siege of Malta
Toulon
Gibraltar
Arras
Amiens
San Domingo
Dunkirk
Zborov
Baku
Barents Sea
Arnhem
Austerlitz
Budapest
Brusilov offensive
Berezina
Różan
Smolensk
Kaiserschlacht
Operation Uranus
Operation Torch
Jena–Auerstedt
Mantua
El Alamein
the Nile
Nanjing
Somme
Sirte
Falaise Pocket
Changsha
Hundred Days
Operation MacArthur
Operation Mars
Cambrai
Jutland
Guadalcanal
Falkland Islands
Coral sea
Verdun
kiel
Nivelle
Midway
Wuhan
Santa Cruz Islands
Balikpapan
Rabaul
Coronel
Kokoda Track
Darwin
Iwo Jima
Okinawa
Operation Rolling Thunder
Operation Catapult
Operation Faustschlag
Mukden Incident
Athens
hamburg
Frankfurt
Tobruk
The Hill Fights
Triangle Hill
Hill 731
Operation Desert Storm
Operation Unthinkable
Last battle of Bismarck
Operation Market Garden
Operation Battleaxe
Operation Downfall
Operation Showdown
Tbilisi
Hanko
Operation Kraken
Operation Overlord
Kiev
Phoney War
Ulm
Caen
Bataan
Taierzhuang
Agincourt
Fall Rot
Wake Island
Cherbourg
Chongqing
Hong Kong
Saipan
Hundred Regiments
Operation August Storm
Xuzhou
Zhengzhou
Taiyuan
Taiwan
Fuzhou
Stalingrad
Jinan
Qingdao
Marco Polo Bridge Incident
 
Answer Stats
Answer % Correct
Warsaw Uprising
61%
Battle of the Bulge
55%
Berlin
50%
Narvik
48%
Dunkirk
32%
Prague Offensive
32%
Operation Juno
31%
Siege of Malta
28%
Hürtgen Forest
25%
El Alamein
22%
Stalingrad
21%
Operation Torch
17%
Iwo Jima
16%
Midway
15%
Nanjing
15%
Okinawa
14%
Rzhev
14%
Budapest
13%
Kiev
12%
Arnhem
11%
Strasbourg
11%
Smolensk
10%
The Hardest Day
10%
Guadalcanal
8%
Operation Market Garden
7%
Operation Overlord
7%
Operation Uranus
7%
Coral sea
6%
Falaise Pocket
6%
Marco Polo Bridge Incident
6%
Phoney War
6%
Wake Island
6%
Wuhan
6%
Athens
5%
Hong Kong
5%
Operation Mars
5%
Tobruk
5%
Bataan
4%
Caen
4%
Changsha
4%
Arras
3%
Frankfurt
3%
hamburg
3%
Hill 731
3%
Last battle of Bismarck
3%
Operation Queen
3%
Sirte
3%
Toulon
3%
Balikpapan
2%
Cherbourg
2%
Fall Rot
2%
Mukden Incident
2%
Operation August Storm
2%
Qingdao
2%
Rabaul
2%
Saipan
2%
Santa Cruz Islands
2%
Barents Sea
1%
Hanko
1%
Hundred Regiments
1%
Kokoda Track
1%
Operation Battleaxe
1%
Operation Catapult
1%
Różan
1%
Fuzhou
0%
Taierzhuang
0%
Taiyuan
0%
Xuzhou
0%
No matching quizzes found
Score Distribution
Percent of People with Each Score
Percentile by Number Answered
Your Score History
You have not taken this quiz